000 00941nam a22002537i 4500
003 EG-ScBUE
005 20250611091518.0
008 110120s1997 ku o f 000 0 ara d
040 _aEG-ScBUE
_bara
_erda
_cEG-ScBUE
_dEG-ScBUE
082 0 4 _a523.43
_bش ع ب
_222
100 1 _922100
_aشعبان ، م. سعد،
_eمؤلف.
245 1 2 _aالطريق إلى المريخ /
_cتأليف م. سعد شعبان.
264 1 _aالكويت :
_bالمجلس الوطني للثقافة والفنون والآداب،
_c1997.
300 _a319 صفحة :
_bصور ؛
_c20 سم.
336 _2rdacontent
_atext
_btxt
337 _aunmediated
_2rdamedia
_bn
338 _avolume
_bnc
_2rdacarrier
490 0 _aعالم المعرفة ؛
_v228
541 _a؛ د. باسم أحمد
_cإهداء ؛
650 7 _922102
_aالمريخ.
_2BUEsh
650 7 _922101
_aرحلات الفضاء.
_2BUEsh
655 _vReading book
942 _2ddc
_cBB
999 _c14928
_d14928